Nuevas limitaciones en proceso de paz /

Análisis de la última reunión realizada por los presidentes de Centroamérica, y en la que quedo establecido que el futuro del Plan de Paz depende del cumplimiento irrestricto de todos los acuerdos. Al dar su visto bueno Honduras, El Salvador y Guatemala para realizar cambios internos, el plan quedó...

Deskribapen osoa

Gorde:
Xehetasun bibliografikoak
Egile nagusia: Morales Gamboa, Abelardo
Formatua: Texto
Gaiak:
Etiketak: Etiketa erantsi
Etiketarik gabe, Izan zaitez lehena erregistro honi etiketa jartzen!

MARC

LEADER 00000 a a2200000 04500
001 1713
003
040
100 |a Morales Gamboa, Abelardo  
245 |a Nuevas limitaciones en proceso de paz /  |c Abelardo Morales Gamboa 
520 |a Análisis de la última reunión realizada por los presidentes de Centroamérica, y en la que quedo establecido que el futuro del Plan de Paz depende del cumplimiento irrestricto de todos los acuerdos. Al dar su visto bueno Honduras, El Salvador y Guatemala para realizar cambios internos, el plan quedó dependiendo de la marcha del conflicto en Nicaragua, lo cual a su vez se relaciona con el apoyo que Estados Unidos brinde o no a los contras. El proceso de paz centroamericano debe buscar como superar este escollo para lograr una paz duradera en Centroamérica. LOB/mb  
650 |a PAZ  
650 |a AYUDA ECONOMICA  
650 |a AYUDA MILITAR  
650 |a POLITICA EXTERIOR  
650 |a GUERRA  
650 |a RECESION ECONOMICA  
650 |a FUERZAS ARMADAS  
650 |a AYUDA ECONOMICA  
650 |a AYUDA MILITAR  
773 |g número 42; páginas 37-38  
999 |c 31636  |d 31636